Diseño de un sistema de control usando el Kit EASYPIC5 como herramienta de entrenamiento de microcontroladores y como puede ser aplicado en las prácticas de sistemas de control de la Universidad Nacional de Ingeniería

Presenta el diseño de un sistema de control usando microcontrolador PIC a través de la programación de software MPLAB y utilización del Kit EASYPIC5 solucionando un problema real en una industria.

Bibliographic Details
Main Author: Moreno Sarria, Omar
Other Authors: Tutor: Flores Guido, Fernando
Format: Tesis Section = Libro
Language:Undetermined
Spanish
Published: Managua UNI 2010
Subjects:
LEADER 01012nam a2200217Ia 4500
008 240830s9999 xx 000 0 und d
040 |a BIBLIOTECA-RUSB/ T.Mon 004 M843 
041 |a spa 
082 |a T.Mon 004 M843 
100 1 |a Moreno Sarria, Omar 
245 1 0 |a Diseño de un sistema de control usando el Kit EASYPIC5 como herramienta de entrenamiento de microcontroladores y como puede ser aplicado en las prácticas de sistemas de control de la Universidad Nacional de Ingeniería 
260 |a Managua  |b UNI  |c 2010 
300 |a 36 p. :il. 
502 |a Tesis (Ingeniero Electrónico) - UNI, 2010. 
520 3 |a Presenta el diseño de un sistema de control usando microcontrolador PIC a través de la programación de software MPLAB y utilización del Kit EASYPIC5 solucionando un problema real en una industria. 
650 7 |a CIENCIAS DE LAS COMPUTADORAS - MICROCONTROLADORES PIC 
650 7 |b  PERIFERICOS 
700 1 |a Tutor:  |b Flores Guido, Fernando 
942 |c BK  |2 ddc 
991 |a TESIS 
999 |c 21562